La dinámica migratoria en un escenario de migración reciente: ¿un patrón inédito? /
El artículo analiza la dinámica actual de la migración rural internacional, tomando el caso de la migración rural de Campeche hacia Estados Unidos, la cual en los últimos años ha tenido un crecimiento, por la búsqueda de un mejor nivel de vida.
Salvato in:
| Autore principale: | |
|---|---|
| Natura: | testo |
| Soggetti: | |
| Tags: |
Aggiungi Tag
Nessun Tag, puoi essere il primo ad aggiungerne!!
|
MARC
| LEADER | 00000 a a2200000 04500 | ||
|---|---|---|---|
| 001 | 40574 | ||
| 003 | |||
| 040 | |||
| 100 | |a Santiago-Cruz, María de Jesús | ||
| 245 | |a La dinámica migratoria en un escenario de migración reciente: |b ¿un patrón inédito? / |c María de Jesús Santiago-Cruz | ||
| 500 | |a ecomjsc@colpos.mx | ||
| 520 | |a El artículo analiza la dinámica actual de la migración rural internacional, tomando el caso de la migración rural de Campeche hacia Estados Unidos, la cual en los últimos años ha tenido un crecimiento, por la búsqueda de un mejor nivel de vida. | ||
| 590 | |a SJB/MAYO2012 | ||
| 650 | |a MIGRACION INERNACIONAL | ||
| 650 | |a TRABAJADORES MIGRATORIOS | ||
| 650 | |a REMESAS | ||
| 650 | |a EMPLEO | ||
| 650 | |a INGRESO | ||
| 650 | |a 6.MEXICO | ||
| 650 | |a 7.ESTADOS UNIDOS | ||
| 773 | |g volumen15, número60 (2009), páginas 99-121 : tablas, gráficos | ||
| 999 | |c 20253 |d 20253 | ||
